LEADER 01072cam0-22003611i-450- 001 990000658350403321 005 20050915155749.0 035 $a000065835 035 $aFED01000065835 035 $a(Aleph)000065835FED01 035 $a000065835 100 $a20020821d1957----km-y0itay50------ba 101 0 $afre 102 $aFR 105 $aa-------001yy 200 1 $a<>epopée des grands travaux$ede la Tour de Babel à la cité de l'átome$fRené Poirier 210 $aParis$cLibrairie Plon$d1957 215 $a2 v. (302; 280 p.)$cill.$d19 cm 225 1 $aD'un monde à l'autre, la collection des découvertes 610 0 $aArchitettura$aStoria 676 $a720.09 700 1$aPoirier,$bRené$0333112 801 0$aIT$bUNINA$gRICA$2UNIMARC 901 $aBK 912 $a990000658350403321 952 $a01 DC 3010$b235$fDINST 952 $a13 M 01 09$b22588$fFINBC 952 $a13 M 01 08$b22587$fFINBC 952 $a01 DC 3011$b235$fDINST 959 $aFINBC 959 $aDINST 996 $aEpopée des grands travaux$9313888 997 $aUNINA LEADER 00856nam0-2200313---450- 001 990009888540403321 005 20140724112546.0 010 $a978-88-348-8860-5 035 $a000988854 035 $aFED01000988854 035 $a(Aleph)000988854FED01 035 $a000988854 100 $a20140724d2013----km-y0itay50------ba 101 0 $aita 102 $aIT 105 $ay-------001yy 200 1 $a<>sistema bancario cinese$fGerardo Pizzirusso 210 $aTorino$cGiappichelli$d2013 215 $aVI, 163 p.$d24 cm 610 0 $aBanche$aCina$a2004-2010 676 $a332.10951$v22$zita 700 1$aPizzirusso,$bGerardo$0523533 801 0$aIT$bUNINA$gREICAT$2UNIMARC 901 $aBK 912 $a990009888540403321 952 $aVI C 1109$b51543$fFSPBC 959 $aFSPBC 996 $aSistema bancario cinese$9829443 997 $aUNINA LEADER 05242nam 2201393 450 001 9910819611203321 005 20210625003322.0 010 $a0-691-14306-4 010 $a1-4008-3360-4 010 $a1-4008-5230-7 024 7 $a10.1515/9781400852307 035 $a(CKB)3710000000229943 035 $a(EBL)1708171 035 $a(OCoLC)890441533 035 $a(SSID)ssj0001385146 035 $a(PQKBManifestationID)11797005 035 $a(PQKBTitleCode)TC0001385146 035 $a(PQKBWorkID)11328866 035 $a(PQKB)11353064 035 $a(StDuBDS)EDZ0001755737 035 $a(OCoLC)933516685 035 $a(MdBmJHUP)muse38075 035 $a(DE-B1597)448058 035 $a(OCoLC)944086201 035 $a(OCoLC)979881939 035 $a(DE-B1597)9781400852307 035 $a(Au-PeEL)EBL1708171 035 $a(CaPaEBR)ebr10928378 035 $a(CaONFJC)MIL642345 035 $a(MiAaPQ)EBC1708171 035 $a(PPN)185860729 035 $a(EXLCZ)993710000000229943 100 $a20140921h20142014 uy 0 101 0 $aeng 135 $aurnn#---|u||u 181 $ctxt 182 $cc 183 $acr 200 10$a1989 $ethe struggle to create post-Cold War Europe /$fMary Elise Sarotte 205 $aUpdated edition with a New and Revised New Afterword 210 1$aPrinceton, New Jersey ;$aOxford, [England] :$cPrinceton University Press,$d2014. 210 4$d©2014 215 $a1 online resource (xvi, 349 pages) 225 1 $aPrinceton Studies in International History and Politics 300 $aDescription based upon print version of record. 311 0 $a1-322-11094-8 311 0 $a0-691-16371-5 320 $aIncludes bibliographical references and index. 327 $tFront matter --$tCONTENTS --$tList of Illustrations --$tPreface: A Brief Note on Scholarship and Sources --$tAbbreviations --$tINTRODUCTION. Creating Post-Cold War Europe: 1989 and the Architecture of Order --$tCHAPTER 1. What Changes in Summer and Autumn 1989? --$tCHAPTER 2. Restoring Four-Power Rights, Reviving a Confederation in 1989 --$tCHAPTER 3. Heroic Aspirations in 1990 --$tCHAPTER 4. Prefab Prevails --$tCHAPTER 5. Securing Building Permits --$tCONCLUSION. The Legacy of 1989 and 1990 --$tAFTERWORD TO THE NEW EDITION. Revisiting 1989-1990 and the Origins of NATO Expansion --$tAcknowledgments --$tNotes --$tBibliography --$tIndex 330 $a1989 explores the momentous events following the fall of the Berlin Wall and the effects they have had on our world ever since. Based on documents, interviews, and television broadcasts from Washington, London, Paris, Bonn, Berlin, Warsaw, Moscow, and a dozen other locations, 1989 describes how Germany unified, NATO expansion began, and Russia got left on the periphery of the new Europe. This updated edition contains a new afterword with the most recent evidence on the 1990 origins of NATO's post-Cold War expansion. 410 0$aPrinceton studies in international history and politics. 606 $aWorld politics$y1989- 607 $aEurope$xHistory$y1989- 607 $aEurope$xPolitics and government$y1989- 610 $a1989. 610 $aAllied Control Commission. 610 $aBerlin Wall. 610 $aBerlin wall. 610 $aBerlin. 610 $aBush administration. 610 $aCold War. 610 $aEast German dissident movements. 610 $aEast Germany. 610 $aEuropean Community. 610 $aEuropean home. 610 $aFour Powers. 610 $aGerman states. 610 $aGerman unification. 610 $aGorbachev. 610 $aHans-Dietrich Genscher. 610 $aHelmut Kohl. 610 $aJames A. Baker III. 610 $aMikhail Gorbachev. 610 $aNATO expansion. 610 $aNATO reform. 610 $aNATO. 610 $aUSSR. 610 $aWest German Basic Law. 610 $aWestern standards. 610 $aarchitecture. 610 $ablueprints. 610 $abuilding permits. 610 $aconfederationism. 610 $adomestic institutions. 610 $afour-power control. 610 $aheroic model. 610 $aideas. 610 $ainstitutional-transfer model. 610 $ainternational economic institutions. 610 $ainternational institutions. 610 $ainternational military institutions. 610 $amodels. 610 $amultinationalism. 610 $anew Europe. 610 $anondemocratic regimes. 610 $aold order. 610 $apost-Cold War Europe. 610 $apost-Cold War. 610 $apower. 610 $aprefab model. 610 $aprefabricated institutions. 610 $aproperty pluralism. 610 $arestoration model. 610 $arevivalist model. 610 $asocialism. 610 $astate leaders. 610 $astate sovereignty. 610 $atransatlantic architecture. 615 0$aWorld politics 676 $a940.559 700 $aSarotte$b M. E.$0476020 701 $aSarotte$b Mary Elise$0476020 801 0$bMiAaPQ 801 1$bMiAaPQ 801 2$bMiAaPQ 906 $aBOOK 912 $a9910819611203321 996 $a1989$9242735 997 $aUNINA